Plan actualizado de gestión de recursos hídricos de la cuenca Quilca Chili, 2023 (Registro nro. 7713)

Detalles MARC
000 -Cabecera
Campo de control interno 00522nam a2200181Ia 4500
005 - Fecha y hora del registro
control field 20260306160515.0
008 - Elementos de Longitud Fija
fixed length control field 260306t2023||||xx |||||||||||||| ||spa||
041 ## - Idioma
Codigo Idioma ESP
082 ## - DEWEY y NOTACIÓN INTERNA
Dewey 354.36
Notación Interna M61
110 ## - AUTOR INSTTITUCIONAL
Autor Institucional Ministerio de Desarrollo Agrario y Riego. Autoridad Nacional del Agua
245 #0 - TÍTULO DE MATERIAL BIBLIOGRÁFICO
Título Plan actualizado de gestión de recursos hídricos de la cuenca Quilca Chili, 2023
260 ## - CIUDAD, EDITORIAL, AÑO
Año 2023
300 ## - DESCRIPCIÓN
N° Páginas 299 páginas :
Dimensiones 29 cm.
650 ## - TEMAS
Temas Generalidades
654 ## - PROGRAMAS
Programa Dpto. de Ingeniería Ambiental
942 ## - ELEMENTOS DE KOHA
Tipo de documento Libro
Nombre del creador Justo Noguera
Código de catalogador Justo Noguera
Esquema de clasificación Dewey Decimal Classification
Suppress in OPAC
Existencias
Codigo completo Registro Colección Copia número Disponibilidad Tipo de préstamo Biblioteca Actual Procedencia (Biblioteca) Ubicacón Fecha Ingreso Tipo de Adquisición Date last seen Total checkouts Price effective from Tipo de Item Estado del Material Fuente de Clasificación Damaged status Withdrawn status
354.36 M61 1082276 Universidad Católica San Pablo 1 Disponible Disponible Víctor Andrés Belaunde Víctor Andrés Belaunde Planta baja abierta 03/06/2026 Donación 06/03/2026   06/03/2026 Libro Bueno Dewey Decimal Classification